=LDR 00000nam 2200000 4500 =001 INLIS000000000018295 =005 20130612113456 =008 ***********************************Ind** =035 ##$$0010-061300000018295 =041 ##$$a Ind =082 ##$$a 634.31 =090 ##$$a 634.31, Set u =100 ##$$a Setiawan, Ade Iwan =245 ##$$a Usaha pembudidayaan jeruk besar, Ade Iwan Setiawan =260 ##$$a 1993 $b Jakarta =300 ##$$a viii, 99 hlm, ilus, 21 cm =650 ##$$a Jeruk Besar-pembudidayaan =850 ##$$a NBPNMAT